00831nam a2200157Ia 4500003000900000008004100009040001600050080002200066111017200088245028600260260004900546300001400595650001700609650001800626700002900644IN-BaIIA211028s9999 xx 000 0 eng d cIIA Library a523.9(082.2)bSOL aSacramento Peak Summer Symposium on Solar and Stellar Coronal Structure and Dynamics, a Festschrift in Honor of Dr. John W. EvansacNew Mexico, Mexicod1987 Aug. 17-21 0aSolar and stellar coronal structure and dynamicsbproceedings of the ninth sacramento peak summer symposium on solar and stellar coronal structure and dynamics, a festschrift in honor of Dr. John W. Evansa, held in New Mexico, Mexico, 17-21, Aug, 1987cedited by Richard C. Altrock aNew MexicobNational Solar Observatoryc1988 axi, 577p. aSolar Corona aSolar Physics aAltrock, Richard C., ed.